Biblioteca judicial o Tratado original y metódico de cuanto hay vigente en la legislación y en la práctica con relación a los juzgados de primera instancia / (Record no. 161111)
[ view plain ]
| 000 -LEADER | |
|---|---|
| campo de control de longitud fija | 00911nam a22002175i 4500 |
| 001 - NÚMERO DE CONTROL | |
| campo de control | 161111 |
| 003 - IDENTIFICADOR DE NÚMERO DE CONTROL | |
| campo de control | ES-MaACL |
| 005 - FECHA Y HORA DE LA ÚLTIMA TRANSACCIÓN | |
| campo de control | 20250930063140.0 |
| 008 - DATOS DE LONGITUD FIJA--INFORMACIÓN GENERAL | |
| campo de control de longitud fija | 970902m18391840sp |||| | spa d |
| 040 ## - FUENTE DE CATALOGACIÓN | |
| Centro catalogador/agencia de origen | CLM |
| Lengua de catalogación | spa |
| Centro/agencia transcriptor | CCPB | SIC |
| 100 1# - ENTRADA PRINCIPAL--NOMBRE DE PERSONA | |
| Nombre de persona | Ortiz de Zúñiga, Manuel, |
| Fechas asociadas al nombre | 1806-1874? |
| 9 (RLIN) | 87610 |
| 245 10 - MENCIÓN DEL TÍTULO | |
| Título | Biblioteca judicial o Tratado original y metódico de cuanto hay vigente en la legislación y en la práctica con relación a los juzgados de primera instancia / |
| Mención de responsabilidad, etc. | escrito por Manuel Ortiz de Zuñiga. |
| 260 ## - PUBLICACIÓN, DISTRIBUCIÓN, ETC. | |
| Lugar de publicación, distribución, etc. | Madrid : |
| Nombre del editor, distribuidor, etc. | [s.n.], |
| Fecha de publicación, distribución, etc. | 1839-1840 ( |
| Fabricante | Oficina de Tomas Jordan) |
| 300 ## - DESCRIPCIÓN FÍSICA | |
| Extensión | 3 t. en 2 v. ; |
| Dimensiones | 22 cm. |
| 597 ## - NOTA DE DESCRIPCIÓN FÍSICA | |
| NOTA DE DESCRIPCIÓN FÍSICA | Antep. |
| 597 ## - NOTA DE DESCRIPCIÓN FÍSICA | |
| NOTA DE DESCRIPCIÓN FÍSICA | vol. I (VIII, 201 p.) -- vol. II ([5] ; 201 p.) |
| 650 04 - PUNTO DE ACCESO ADICIONAL DE MATERIA--TÉRMINO DE MATERIA | |
| Término de materia o nombre geográfico como elemento de entrada | Derecho procesal- |
| Subdivisión geográfica | España. |
| 9 (RLIN) | 11762 |
| 650 #4 - PUNTO DE ACCESO ADICIONAL DE MATERIA--TÉRMINO DE MATERIA | |
| Término de materia o nombre geográfico como elemento de entrada | Tribunales de primera instancia- |
| Subdivisión geográfica | España. |
| 9 (RLIN) | 158345 |
| 852 ## - LOCALIZACIÓN | |
| Ubicación | ES-MaACL |
| Número de control de estantería | G-12998-99 |
| Nota libre | -- Enc. pasta |
| Estatus retirado | Estado de pérdida | Estado de daño | No para préstamo | Colección | Biblioteca de origen | Biblioteca actual | Ubicación en estantería | Fecha de adquisición | Total de préstamos | Signatura topográfica completa | Código de barras | Visto por última vez | Precio de reemplazo | Tipo de ítem Koha |
|---|---|---|---|---|---|---|---|---|---|---|---|---|---|---|
| Libros del s. XIX | Biblioteca del Ateneo de Madrid | Biblioteca del Ateneo de Madrid | Sala Pecera Planta 3 | 17/01/2008 | G-12998-99 | 1168749 | 23/02/2023 | 23/02/2023 | Libro impreso antiguo |
